|
|
|
|
| LEADER |
01330nam a2200409 a 4500 |
| 001 |
001277764 |
| 003 |
CZ BrMZK |
| 005 |
20140930142337.0 |
| 006 |
m||||||||d|||||||| |
| 007 |
co^cg |
| 008 |
130206s2012 xr e 00| 0 cze |
| 015 |
|
|
|a cnb002430224
|
| 020 |
|
|
|q (CDR)
|
| 040 |
|
|
|a BOA001
|b cze
|
| 072 |
|
7 |
|a 003
|x Systémy psaní a písma
|2 Konspekt
|9 11
|
| 080 |
|
|
|a 616
|2 MRF
|
| 080 |
|
|
|a 616:615.1
|2 MRF
|
| 080 |
|
|
|a 003.083
|2 MRF
|
| 080 |
|
|
|a (048.8)
|2 MRF
|
| 080 |
|
|
|a (0.034.44)
|2 MRF
|
| 100 |
1 |
|
|a Kolář, Jozef,
|d 1952-
|7 xx0012663
|4 aut
|
| 245 |
1 |
0 |
|a Klinické studie - akronymy a zkratky
|h [elektronický zdroj] /
|c Jozef Kolář
|
| 246 |
3 |
0 |
|a Akronymy a zkratky
|
| 260 |
|
|
|a [Brno] :
|b Brauner & Partners,
|c c2012
|
| 300 |
|
|
|a 1 CD-ROM
|
| 500 |
|
|
|a Název z disku
|
| 538 |
|
|
|a Požadavky na systém: Adobe Acrobat Reader
|
| 650 |
0 |
7 |
|a klinické lékařství
|7 ph121639
|2 czenas
|
| 650 |
0 |
7 |
|a klinická farmacie
|7 ph265701
|2 czenas
|
| 650 |
0 |
7 |
|a akronymy
|7 ph187611
|2 czenas
|
| 650 |
0 |
7 |
|a zkratky
|7 ph127640
|2 czenas
|
| 655 |
|
7 |
|a přehledy
|7 fd133202
|2 czenas
|
| 655 |
|
7 |
|a CD-ROM
|7 fd133955
|2 czenas
|
| 856 |
4 |
1 |
|u http://www.digitalniknihovna.cz/mzk/uuid/uuid:b8b87fb4-4e5a-41d3-a054-50f8cad1043b
|y Digitalizovaný dokument
|
| 910 |
|
|
|a BOA001
|b CDR-1300.170
|
| 990 |
|
|
|a BK
|
| 991 |
|
|
|b 201303
|c NOV
|e n
|